Avanzo como un asno___ : a tiempo y a destiempo /

Guardado en:
Bibliografiske detaljer
Hovedforfatter: Etchegaray, Roger (autor)
Format: Bog
Sprog:spansk
Udgivet: México : Instituto Mexicano de Doctrina Social Cristiana, 1995, c1995
Fag:
Tags: Tilføj Tag
Ingen Tags, Vær først til at tagge denne postø!

MARC

LEADER 00000nam^a2200000^a^4500
001 000311553
005 20250623000000.0
009 20260310113049.413
037 |a Acervo ITESO - Biblioteca 
041 |a ESP 
082 |a 248. 34  |b ETC 
100 |a Etchegaray, Roger  |e (autor) 
245 1 0 |a Avanzo como un asno___ :  |b a tiempo y a destiempo /  |c R. Etchegaray ; tr. por Margarita Obregón de Caire. 
264 4 |a México :  |b Instituto Mexicano de Doctrina Social Cristiana,  |c 1995, c1995 
300 |a 243 p. 
336 |a texto  |b txt  |2 rdacontenido 
337 |a sin mediación  |b n  |2 rdamedio 
338 |a volumen  |b nc  |2 rdasoporte 
500 |a Traducción de: J'avance comme un ane... 
649 |a XX 
650 |a Meditación -  |x Tema Principal 
650 |a Vida Cristiana 
910 |a Fondo General 
920 |a Impresos - Libros 
930 |a Colección General 
905 |a 101 
901 |a 0500198258  |b IT1  |c ACC  |d DT  |i D54068  |u 20250623 
902 |a https://opac.biblio.iteso.mx/vufind/Record/000311553